[Event "13. Festival Ciudad de Lorca 2024 - A"]
[White "Mengual Brotons, Jesus"]
[Black "Velasco Garcia, Jorge Juan"]
[Site "Lorca ESP"]
[Round "8.32"]
[Result "0-1"]
[Date "2024.12.30"]
[WhiteElo "1723"]
[BlackElo "1938"]
[PlyCount "40"]
[GameId "2132923664458570"]
[EventDate "2024.12.26"]
[EventCountry "ESP"]
[SourceTitle "Ajedrez en Madrid"]
[Source "lmi"]
[SourceDate "2024.12.26"]
[SourceVersion "1"]
[SourceVersionDate "2025.01.11"]
[SourceQuality "1"]

1. d4 d6 2. Bf4 Nf6 3. Nc3 g6 4. e4 Bg7 5. Qd2 h5 6. O-O-O c6 7. Qe1 Qa5 8. Bc4 e5 9. dxe5 dxe5 10. Bg5 O-O 11. Qd2 b5 12. Be2 b4 13. Nb1 Nxe4 14. Qe3 Nxg5 15. Qxg5 Kh7 16. Qh4 e4 17. Bc4 Qe5 18. c3 Bf5 19. Ne2 Bh6+ 20. f4 exf3+ 0-1

[Event "13. Festival Ciudad de Lorca 2024 - A"]
[White "Garcia Sanz, Eduardo"]
[Black "Asensio Ramon, Ismael"]
[Site "Lorca ESP"]
[Round "8.33"]
[Result "1/2-1/2"]
[Date "2024.12.30"]
[WhiteElo "1860"]
[BlackElo "1780"]
[PlyCount "114"]
[GameId "2132923664458571"]
[EventDate "2024.12.26"]
[EventCountry "ESP"]
[SourceTitle "Ajedrez en Madrid"]
[Source "lmi"]
[SourceDate "2024.12.26"]
[SourceVersion "1"]
[SourceVersionDate "2025.01.11"]
[SourceQuality "1"]

1. e4 c5 2. Nf3 e6 3. d4 cxd4 4. Nxd4 Nf6 5. Nc3 Nc6 6. Ndb5 d6 7. Bf4 e5 8. Bg5 a6 9. Bxf6 gxf6 10. Na3 b5 11. Nd5 Bg7 12. c3 O-O 13. Bd3 Be6 14. Qh5 h6 15. Ne3 Qd7 16. O-O Ne7 17. Nac2 Ng6 18. g3 Bh3 19. f4 Bxf1 20. Rxf1 Kh7 21. Nf5 Rg8 22. Nce3 Ne7 23. fxe5 Nxf5 24. Rxf5 dxe5 25. Nd5 Qe6 26. Bc2 Ra7 27. Bb3 Qc6 28. Qh4 a5 29. Kg2 Kg6 30. Bd1 Rd8 31. Rxe5 fxe5 32. Qxd8 Rd7 33. Ne7+ Rxe7 34. Qxe7 Qxe4+ 35. Bf3 Qc2+ 36. Kh3 Qf5+ 37. Kg2 Qc2+ 38. Kg1 Qc1+ 39. Kg2 Qxb2+ 40. Kh3 Bf6 41. Bh5+ Kf5 42. Qxf7 Qf2 43. Bg6+ Kg5 44. Bd3 e4 45. Qg8+ Kf5 46. Qd5+ Kg6 47. Qxe4+ Kf7 48. Qh7+ Ke6 49. Qg8+ Ke7 50. Qh7+ Ke6 51. Qe4+ Kf7 52. Bxb5 Qc5 53. Be8+ Kf8 54. Bg6 Qc8+ 55. Kg2 Bxc3 56. Qf5+ Qxf5 57. Bxf5 Kg7 1/2-1/2

[Event "13. Festival Ciudad de Lorca 2024 - A"]
[White "Patil, Rushad"]
[Black "Perez Fernandez, Arys"]
[Site "Lorca ESP"]
[Round "8.34"]
[Result "1-0"]
[Date "2024.12.30"]
[WhiteElo "1782"]
[BlackElo "1574"]
[PlyCount "83"]
[GameId "2132923664462668"]
[EventDate "2024.12.26"]
[EventCountry "ESP"]
[SourceTitle "Ajedrez en Madrid"]
[Source "lmi"]
[SourceDate "2024.12.26"]
[SourceVersion "1"]
[SourceVersionDate "2025.01.11"]
[SourceQuality "1"]

1. Nf3 Nf6 2. d4 e6 3. c4 Bb4+ 4. Nbd2 d5 5. Qa4+ Nc6 6. cxd5 exd5 7. a3 Ba5 8. b4 Bb6 9. e3 O-O 10. Qc2 Ne7 11. Bd3 Ng6 12. O-O c6 13. Bb2 Bg4 14. Ne5 Be6 15. f4 Ne7 16. h3 g6 17. g4 Nd7 18. Ndf3 f6 19. Nxd7 Bxd7 20. Kf2 Kf7 21. g5 f5 22. Ne5+ Ke8 23. h4 Qc7 24. Rh1 a5 25. Bc3 axb4 26. Bxb4 Ba5 27. Qc5 Bxb4 28. axb4 Rxa1 29. Rxa1 b6 30. Ra8+ Nc8 31. Qc2 Ke7 32. Qa2 Nd6 33. Ra7 Nb7 34. b5 Rb8 35. h5 Qd6 36. Qa6 Qc7 37. hxg6 hxg6 38. Nxg6+ Kd8 39. Ne5 cxb5 40. Bxb5 Bxb5 41. Qxb5 Qc2+ 42. Kg3 1-0

[Event "13. Festival Ciudad de Lorca 2024 - A"]
[White "Li, Di"]
[Black "Vingris, Mikelis"]
[Site "Lorca ESP"]
[Round "9.1"]
[Result "1-0"]
[Date "2024.12.30"]
[WhiteElo "2552"]
[BlackElo "2147"]
[PlyCount "85"]
[GameId "2129557118570586"]
[EventDate "2024.12.26"]
[EventCountry "ESP"]
[SourceTitle "Ajedrez en Madrid"]
[Source "lmi"]
[SourceDate "2024.12.26"]
[SourceVersion "1"]
[SourceVersionDate "2025.01.11"]
[SourceQuality "1"]

1. d4 Nf6 2. c4 g6 3. Nc3 Bg7 4. e4 d6 5. Nf3 O-O 6. Be2 Nbd7 7. O-O e5 8. dxe5 dxe5 9. b4 a5 10. b5 Qe7 11. Qc2 Nc5 12. Ba3 Re8 13. Rfd1 b6 14. Ne1 Bb7 15. Bf3 Bf8 16. Nd3 Nfd7 17. Bg4 Nf6 18. Bxc5 bxc5 19. Bf3 Red8 20. Nd5 Bxd5 21. cxd5 Nd7 22. Rdc1 h5 23. Qd2 a4 24. a3 Qf6 25. Be2 Bd6 26. Rc3 Qe7 27. Qc2 Rdb8 28. Nb2 Nb6 29. Rg3 h4 30. Rh3 Kg7 31. Qc3 Qf6 32. Nd3 Nd7 33. Bg4 Nf8 34. f4 Re8 35. Re1 Rab8 36. Rf3 Rxb5 37. Qc4 Rb3 38. fxe5 Qg5 39. exd6 Qxg4 40. Qxa4 Rbb8 41. dxc7 Ra8 42. Qc4 Rxa3 43. Nf2 1-0

[Event "13. Festival Ciudad de Lorca 2024 - A"]
[White "Vignesh, N R"]
[Black "Xu, Minghui"]
[Site "Lorca ESP"]
[Round "9.2"]
[Result "1-0"]
[Date "2024.12.30"]
[WhiteElo "2523"]
[BlackElo "2405"]
[PlyCount "71"]
[GameId "2129557463453830"]
[EventDate "2024.12.26"]
[EventCountry "ESP"]
[SourceTitle "Ajedrez en Madrid"]
[Source "lmi"]
[SourceDate "2024.12.26"]
[SourceVersion "1"]
[SourceVersionDate "2025.01.11"]
[SourceQuality "1"]

1. Nf3 Nf6 2. g3 g6 3. Bg2 Bg7 4. O-O O-O 5. d4 d5 6. c4 dxc4 7. Na3 c5 8. Nxc4 Be6 9. Nfe5 Qc8 10. dxc5 Rd8 11. Qa4 Nfd7 12. Nd3 Na6 13. c6 bxc6 14. Na5 Nab8 15. Bf4 Nb6 16. Qc2 Qa6 17. Nc5 Qxa5 18. Nb7 Qh5 19. Nxd8 Bh3 20. Bxh3 Qxh3 21. Bxb8 Rxb8 22. Nxc6 Rb7 23. Rad1 Bf6 24. a4 Qg4 25. a5 Nc4 26. h3 Ne3 27. hxg4 Nxc2 28. b4 Rc7 29. b5 Na3 30. g5 Bc3 31. b6 axb6 32. a6 Nb5 33. Rb1 Rxc6 34. Rxb5 Ba5 35. a7 Rc8 36. Ra1 1-0

[Event "13. Festival Ciudad de Lorca 2024 - A"]
[White "Khamrakulov, Ibragim S."]
[Black "Cabrera, Alexis"]
[Site "Lorca ESP"]
[Round "9.3"]
[Result "1/2-1/2"]
[Date "2024.12.30"]
[WhiteElo "2388"]
[BlackElo "2410"]
[PlyCount "30"]
[GameId "2129557583343768"]
[EventDate "2024.12.26"]
[EventCountry "ESP"]
[SourceTitle "Ajedrez en Madrid"]
[Source "lmi"]
[SourceDate "2024.12.26"]
[SourceVersion "1"]
[SourceVersionDate "2025.01.11"]
[SourceQuality "1"]

1. e4 e5 2. Nf3 Nc6 3. Bb5 a6 4. Ba4 Nf6 5. d3 d6 6. O-O g6 7. c3 Bg7 8. Re1 O-O 9. Nbd2 Nh5 10. Nf1 f5 11. exf5 Bxf5 12. Ng5 Nf4 13. Bb3+ d5 14. Bxf4 exf4 15. Ne6 Bxe6 1/2-1/2

[Event "13. Festival Ciudad de Lorca 2024 - A"]
[White "Filgueiras, Nathan Felipe"]
[Black "Paikens, Reinis"]
[Site "Lorca ESP"]
[Round "9.4"]
[Result "1/2-1/2"]
[Date "2024.12.30"]
[WhiteElo "2328"]
[BlackElo "2166"]
[PlyCount "61"]
[GameId "2129557753634986"]
[EventDate "2024.12.26"]
[EventCountry "ESP"]
[SourceTitle "Ajedrez en Madrid"]
[Source "lmi"]
[SourceDate "2024.12.26"]
[SourceVersion "1"]
[SourceVersionDate "2025.01.11"]
[SourceQuality "1"]

1. c4 c6 2. e4 d5 3. exd5 cxd5 4. cxd5 Nf6 5. Qa4+ Nbd7 6. Nc3 g6 7. Nf3 Bg7 8. Bc4 O-O 9. Qb3 Nb6 10. d3 Bf5 11. O-O Rc8 12. Re1 Nxc4 13. dxc4 Qc7 14. Bg5 h6 15. Bh4 Rfd8 16. Ne5 Ne4 17. Nxf7 Kxf7 18. Nxe4 Qxc4 19. Qf3 Rxd5 20. Bxe7 Be5 21. Nc3 Bxc3 22. bxc3 Re8 23. Bb4 Qd3 24. Rxe8 Kxe8 25. Re1+ Kd7 26. Qf4 Qe2 27. Qc1 Qd2 28. Qa1 Qf4 29. Rd1 Rd2 30. Rxd2+ Qxd2 31. h3 1/2-1/2

[Event "13. Festival Ciudad de Lorca 2024 - A"]
[White "Chavez Suarez, Carlos Alberto"]
[Black "Piedra Salabarria, Ernesto"]
[Site "Lorca ESP"]
[Round "9.5"]
[Result "1-0"]
[Date "2024.12.30"]
[WhiteElo "2278"]
[BlackElo "2272"]
[PlyCount "49"]
[GameId "2129558179238077"]
[EventDate "2024.12.26"]
[EventCountry "ESP"]
[SourceTitle "Ajedrez en Madrid"]
[Source "lmi"]
[SourceDate "2024.12.26"]
[SourceVersion "1"]
[SourceVersionDate "2025.01.11"]
[SourceQuality "1"]

1. e4 c5 2. Nf3 d6 3. d4 cxd4 4. Nxd4 g6 5. Nc3 Bg7 6. Be3 Nc6 7. Qd2 Nf6 8. f3 O-O 9. Bc4 Bd7 10. Bb3 Rc8 11. h4 Ne5 12. h5 Nc4 13. Bxc4 Rxc4 14. O-O-O a6 15. Kb1 b5 16. g4 b4 17. Nd5 Nxd5 18. exd5 Qc7 19. hxg6 hxg6 20. Qh2 f6 21. Ne6 Bxe6 22. dxe6 Rc8 23. Qh7+ Kf8 24. Bh6 Ke8 25. Qg8+ 1-0

[Event "13. Festival Ciudad de Lorca 2024 - A"]
[White "Sabuk, Piotr"]
[Black "Fernandez Bustamante, Leancy B."]
[Site "Lorca ESP"]
[Round "9.6"]
[Result "1-0"]
[Date "2024.12.30"]
[WhiteElo "2385"]
[BlackElo "2129"]
[PlyCount "71"]
[GameId "2129558349402331"]
[EventDate "2024.12.26"]
[EventCountry "ESP"]
[SourceTitle "Ajedrez en Madrid"]
[Source "lmi"]
[SourceDate "2024.12.26"]
[SourceVersion "1"]
[SourceVersionDate "2025.01.11"]
[SourceQuality "1"]

1. d4 Nf6 2. c4 d6 3. Nf3 g6 4. Nc3 Bf5 5. Nh4 Bd7 6. e4 e5 7. Nf3 exd4 8. Nxd4 Bg7 9. Be2 Nc6 10. Nc2 O-O 11. Bg5 h6 12. Be3 Re8 13. f3 a5 14. Qd2 Kh7 15. O-O-O a4 16. Na3 Na5 17. g4 Be6 18. g5 Nd7 19. gxh6 Bh8 20. f4 Nc5 21. Qc2 Nxe4 22. Nxe4 Bf5 23. Ng5+ Kg8 24. h7+ Kf8 25. Qd2 c5 26. Bd3 Qf6 27. Bxf5 Rxe3 28. Ne4 Qd4 29. Qxd4 cxd4 30. Nxd6 Rd8 31. Nab5 a3 32. bxa3 Re2 33. Bc2 Kg7 34. Rd2 Re6 35. c5 Kxh7 36. Nxf7 1-0

[Event "13. Festival Ciudad de Lorca 2024 - A"]
[White "Narciso Dublan, Marc"]
[Black "Borre Meza, Orlando David"]
[Site "Lorca ESP"]
[Round "9.7"]
[Result "1-0"]
[Date "2024.12.30"]
[WhiteElo "2373"]
[BlackElo "1875"]
[PlyCount "59"]
[GameId "2129558652559597"]
[EventDate "2024.12.26"]
[EventCountry "ESP"]
[SourceTitle "Ajedrez en Madrid"]
[Source "lmi"]
[SourceDate "2024.12.26"]
[SourceVersion "1"]
[SourceVersionDate "2025.01.11"]
[SourceQuality "1"]

1. e4 e5 2. Nf3 Nc6 3. g3 Nf6 4. d3 Bc5 5. Bg2 O-O 6. O-O d5 7. exd5 Nxd5 8. c3 Bb6 9. Nbd2 Re8 10. Nc4 Bg4 11. h3 Bh5 12. Re1 f6 13. a4 a5 14. Nxb6 Nxb6 15. Qc2 Qd7 16. Nd2 Bg6 17. Ne4 Bxe4 18. dxe4 Rad8 19. Bf1 Qe6 20. Qe2 Rd6 21. Qb5 Red8 22. Be3 Kh8 23. Kh2 f5 24. exf5 Qxf5 25. Bg2 h6 26. Re2 Qd3 27. Rae1 Nc4 28. Bc5 Rd5 29. Be4 Nd4 30. cxd4 1-0

[Event "13. Festival Ciudad de Lorca 2024 - A"]
[White "Carrascoso Morales, Abel"]
[Black "Bartakke, Aditya"]
[Site "Lorca ESP"]
[Round "9.8"]
[Result "1/2-1/2"]
[Date "2024.12.30"]
[WhiteElo "2182"]
[BlackElo "1957"]
[PlyCount "60"]
[GameId "2129558885593343"]
[EventDate "2024.12.26"]
[EventCountry "ESP"]
[SourceTitle "Ajedrez en Madrid"]
[Source "lmi"]
[SourceDate "2024.12.26"]
[SourceVersion "1"]
[SourceVersionDate "2025.01.11"]
[SourceQuality "1"]

1. d4 Nf6 2. c4 g6 3. Nc3 Bg7 4. e4 d6 5. f4 c5 6. d5 O-O 7. Nf3 Re8 8. e5 Nfd7 9. e6 fxe6 10. dxe6 Nf8 11. Ng5 Nc6 12. Nf7 Qc7 13. Nd5 Qb8 14. f5 gxf5 15. Nh6+ Kh8 16. Nxf5 Bxe6 17. Nxg7 Kxg7 18. Qh5 Ne5 19. Bh6+ Kh8 20. Be2 Bf7 21. Qh3 Qc8 22. Qc3 b5 23. O-O b4 24. Qe3 Nfd7 25. Qg5 Rg8 26. Qxe7 Bxd5 27. cxd5 Rg6 28. Bf4 Qg8 29. Rf2 Qxd5 30. Rd1 Qe6 1/2-1/2

[Event "13. Festival Ciudad de Lorca 2024 - A"]
[White "Valdats, Reinis"]
[Black "Mitul, K H"]
[Site "Lorca ESP"]
[Round "9.9"]
[Result "0-1"]
[Date "2024.12.30"]
[WhiteElo "2176"]
[BlackElo "1834"]
[PlyCount "76"]
[GameId "2129559214502161"]
[EventDate "2024.12.26"]
[EventCountry "ESP"]
[SourceTitle "Ajedrez en Madrid"]
[Source "lmi"]
[SourceDate "2024.12.26"]
[SourceVersion "1"]
[SourceVersionDate "2025.01.11"]
[SourceQuality "1"]

1. e4 e5 2. Nf3 Nc6 3. Bb5 a6 4. Ba4 Nf6 5. d3 d6 6. c4 Be7 7. h3 O-O 8. O-O h6 9. Nc3 Be6 10. Nd5 Nd7 11. Rb1 f5 12. b4 fxe4 13. dxe4 Ncb8 14. Bb3 c6 15. Nxe7+ Qxe7 16. Qd3 Nf6 17. Nh4 Rd8 18. Rd1 Qf7 19. Qe2 a5 20. c5 axb4 21. cxd6 c5 22. Bxe6 Qxe6 23. Rb3 Nc6 24. Rg3 Kh8 25. Rg6 Qf7 26. Qc2 Rxa2 27. Qxc5 Nxe4 28. Qe3 Qxf2+ 29. Qxf2 Rxf2 30. Re1 Rc2 31. Bxh6 Rxd6 32. Bxg7+ Kh7 33. Rxd6 Nxd6 34. Bf8 Nc4 35. Rb1 Nd2 36. Rd1 b3 37. Nf5 b2 38. Ne3 Rc1 0-1

[Event "13. Festival Ciudad de Lorca 2024 - A"]
[White "Atharva, Kale"]
[Black "Valdepenas Octavio, Javier"]
[Site "Lorca ESP"]
[Round "9.10"]
[Result "1/2-1/2"]
[Date "2024.12.30"]
[WhiteElo "1866"]
[BlackElo "2145"]
[PlyCount "88"]
[GameId "2129559280406819"]
[EventDate "2024.12.26"]
[EventCountry "ESP"]
[SourceTitle "Ajedrez en Madrid"]
[Source "lmi"]
[SourceDate "2024.12.26"]
[SourceVersion "1"]
[SourceVersionDate "2025.01.11"]
[SourceQuality "1"]

1. e4 e5 2. Nf3 Nc6 3. Bc4 Bc5 4. c3 Nf6 5. d4 exd4 6. e5 d5 7. Be2 Ne4 8. cxd4 Bb4+ 9. Bd2 Nxd2 10. Nbxd2 O-O 11. O-O Bg4 12. h3 Bh5 13. Nb3 Qd7 14. Rc1 a6 15. Nc5 Bxc5 16. Rxc5 Nd8 17. Qb3 c6 18. Qe3 Ne6 19. Rcc1 Bxf3 20. Bxf3 Qe7 21. Bg4 Rae8 22. Bxe6 fxe6 23. f4 Rf7 24. Rf3 Ref8 25. Rcf1 Qb4 26. Qc3 Qxc3 27. bxc3 b5 28. g4 g6 29. Kg2 Kg7 30. Kg3 h6 31. Rb1 h5 32. Rbf1 Kh6 33. a4 h4+ 34. Kxh4 Rxf4 35. Rxf4 Rxf4 36. Ra1 Re4 37. axb5 axb5 38. Rf1 g5+ 39. Kg3 b4 40. cxb4 Rxd4 41. Rf6+ Kg7 42. Rxe6 Rxb4 43. Rxc6 Re4 44. Rd6 Re3+ 1/2-1/2

[Event "13. Festival Ciudad de Lorca 2024 - A"]
[White "Bartakke, Amardeep S."]
[Black "Tonndorf, Matthias"]
[Site "Lorca ESP"]
[Round "9.11"]
[Result "1-0"]
[Date "2024.12.30"]
[WhiteElo "1965"]
[BlackElo "2138"]
[PlyCount "71"]
[GameId "2132923681620887"]
[EventDate "2024.12.26"]
[EventCountry "ESP"]
[SourceTitle "Ajedrez en Madrid"]
[Source "lmi"]
[SourceDate "2024.12.26"]
[SourceVersion "1"]
[SourceVersionDate "2025.01.11"]
[SourceQuality "1"]

1. e4 c5 2. Nf3 e6 3. d4 cxd4 4. Nxd4 a6 5. Bd3 Bc5 6. Nb3 Be7 7. O-O d6 8. Nc3 Nf6 9. f4 Nbd7 10. Qf3 Qc7 11. Bd2 b5 12. Rae1 Bb7 13. Qg3 b4 14. Nd1 g6 15. Nf2 d5 16. c3 a5 17. exd5 Bxd5 18. c4 Bb7 19. Qh3 Nc5 20. Nxc5 Qxc5 21. Re5 Qc7 22. Rfe1 O-O 23. f5 Bd6 24. R5e3 exf5 25. Bxf5 Bc5 26. Rg3 Rfe8 27. Bd3 Rxe1+ 28. Bxe1 Qe5 29. Bd2 Ne4 30. Re3 Bxe3 31. Qxe3 Re8 32. Bxe4 Bxe4 33. Ng4 Qxb2 34. Qf4 Re6 35. Qb8+ Kg7 36. Bh6# 1-0

[Event "13. Festival Ciudad de Lorca 2024 - A"]
[White "Boricha, Yohan"]
[Black "Luch, Michal"]
[Site "Lorca ESP"]
[Round "9.12"]
[Result "0-1"]
[Date "2024.12.30"]
[WhiteElo "1888"]
[BlackElo "2329"]
[PlyCount "105"]
[GameId "2132923681620888"]
[EventDate "2024.12.26"]
[EventCountry "ESP"]
[SourceTitle "Ajedrez en Madrid"]
[Source "lmi"]
[SourceDate "2024.12.26"]
[SourceVersion "1"]
[SourceVersionDate "2025.01.11"]
[SourceQuality "1"]

1. d4 Nf6 2. c4 e6 3. Nf3 d5 4. Nc3 a6 5. e3 dxc4 6. a4 c5 7. Bxc4 Nc6 8. O-O cxd4 9. exd4 Nb4 10. Bg5 Be7 11. Qb3 Qa5 12. Rad1 O-O 13. Rfe1 Bd7 14. Ne5 Rad8 15. Nxd7 Rxd7 16. Bxf6 Bxf6 17. d5 Bxc3 18. Qxc3 exd5 19. Bxd5 Rc7 20. Qd2 Rc2 21. Qg5 Qc5 22. Rf1 h6 23. Qf5 Nxd5 24. Rxd5 Qc4 25. Rd4 Qb3 26. Rb4 Qxb4 27. Qxc2 Rd8 28. g3 g6 29. b3 Rd2 30. Qc4 Qxc4 31. bxc4 Ra2 32. Rb1 Rxa4 33. Rxb7 Rxc4 34. Ra7 Rc6 35. Kg2 Kg7 36. Kf3 Kf6 37. h4 Ke5 38. Ke3 f5 39. f3 Kd5 40. g4 fxg4 41. fxg4 Kc5 42. Ra8 Kb5 43. Kd3 a5 44. Rb8+ Rb6 45. Rh8 Rd6+ 46. Kc3 Rc6+ 47. Kb2 g5 48. hxg5 hxg5 49. Rg8 Rc5 50. Kb3 Kc6 51. Rg6+ Kb5 52. Rg8 Re5 53. Kc3 0-1

[Event "13. Festival Ciudad de Lorca 2024 - A"]
[White "Shah, Jeet"]
[Black "Mendez Gimenez, Nestor Emmanuel"]
[Site "Lorca ESP"]
[Round "9.13"]
[Result "1-0"]
[Date "2024.12.30"]
[WhiteElo "2052"]
[BlackElo "1893"]
[PlyCount "75"]
[GameId "2132923681620889"]
[EventDate "2024.12.26"]
[EventCountry "ESP"]
[SourceTitle "Ajedrez en Madrid"]
[Source "lmi"]
[SourceDate "2024.12.26"]
[SourceVersion "1"]
[SourceVersionDate "2025.01.11"]
[SourceQuality "1"]

1. e4 c5 2. Nf3 d6 3. d4 cxd4 4. Nxd4 Nf6 5. Nc3 g6 6. f4 Bg7 7. e5 Nfd7 8. e6 Nf6 9. Bb5+ Kf8 10. exf7 Kxf7 11. Qf3 e6 12. O-O a6 13. Bc4 b5 14. Bb3 Nc6 15. Be3 Nxd4 16. Bxd4 Re8 17. Rae1 Kg8 18. Re2 Bd7 19. Rfe1 a5 20. a4 Rc8 21. g3 Kh8 22. Qd3 Qc7 23. Qe3 Ng4 24. Bxg7+ Kxg7 25. Qd4+ Nf6 26. Nxb5 Qc5 27. Qxc5 Rxc5 28. Nc3 Kf7 29. Re5 Rxe5 30. fxe5 Ng8 31. Ne4 Ke7 32. Rd1 Bc6 33. Ng5 Bd7 34. Rxd6 Nh6 35. Nxe6 Nf7 36. Rb6 Nxe5 37. Rb7 Kd6 38. Nd4 1-0

[Event "13. Festival Ciudad de Lorca 2024 - A"]
[White "Bercaru, Vlad Ionut"]
[Black "Piccoli, Lucas Fonseca"]
[Site "Lorca ESP"]
[Round "9.14"]
[Result "0-1"]
[Date "2024.12.30"]
[WhiteElo "2065"]
[BlackElo "2270"]
[PlyCount "112"]
[GameId "2132923681620890"]
[EventDate "2024.12.26"]
[EventCountry "ESP"]
[SourceTitle "Ajedrez en Madrid"]
[Source "lmi"]
[SourceDate "2024.12.26"]
[SourceVersion "1"]
[SourceVersionDate "2025.01.11"]
[SourceQuality "1"]

1. d4 Nf6 2. c4 e6 3. Nc3 Bb4 4. e3 O-O 5. Bd3 c5 6. a3 Bxc3+ 7. bxc3 Nc6 8. Ne2 d6 9. O-O b6 10. e4 Ne8 11. f4 f5 12. exf5 exf5 13. d5 Na5 14. Ng3 g6 15. Re1 Ba6 16. Ra2 Nc7 17. Rae2 Rf7 18. Qa4 Kf8 19. Be3 Qd7 20. Qc2 Bxc4 21. Bxc4 Nxc4 22. Bc1 b5 23. Qd3 Re8 24. Nf1 Rxe2 25. Rxe2 Re7 26. Ne3 Re4 27. g3 Qf7 28. Kf2 Nxe3 29. Bxe3 Qxd5 30. Qc2 Qc4 31. a4 Nd5 32. Qd2 Ke7 33. axb5 Nxc3 34. Re1 Qa2 35. Qxa2 Nxa2 36. Ra1 Ra4 37. Re1 Kd7 38. g4 fxg4 39. Kg3 Re4 40. Kxg4 Nc3 41. Kf3 Re7 42. Ra1 Nxb5 43. Ra5 Kc6 44. Ra6+ Kb7 45. Ra5 Kb6 46. Ra2 d5 47. Rc2 d4 48. Bf2 Kc6 49. h4 Kd5 50. Ra2 Re6 51. Ra5 a6 52. Ra1 c4 53. h5 c3 54. hxg6 hxg6 55. f5 gxf5 56. Kf4 d3 0-1

[Event "13. Festival Ciudad de Lorca 2024 - A"]
[White "Picazo Gonzalez, Alejandro"]
[Black "Vinuesa Sorli, Ruben"]
[Site "Lorca ESP"]
[Round "9.15"]
[Result "0-1"]
[Date "2024.12.30"]
[WhiteElo "1956"]
[BlackElo "2291"]
[PlyCount "68"]
[GameId "2132923681620891"]
[EventDate "2024.12.26"]
[EventCountry "ESP"]
[SourceTitle "Ajedrez en Madrid"]
[Source "lmi"]
[SourceDate "2024.12.26"]
[SourceVersion "1"]
[SourceVersionDate "2025.01.11"]
[SourceQuality "1"]

1. e4 e5 2. Nf3 Nc6 3. d4 exd4 4. Nxd4 Qf6 5. Be3 Bc5 6. c3 Nge7 7. Bc4 O-O 8. O-O b6 9. f4 d5 10. Bxd5 Nxd5 11. exd5 Ne7 12. c4 Ba6 13. Nc3 Bxc4 14. Ne4 Qh6 15. Rf3 Nxd5 16. Bf2 Rad8 17. Nxc5 bxc5 18. Nf5 Qe6 19. Qc2 Nb4 20. Qc3 Qxf5 21. Qxc4 Nd3 22. Qc2 Rd5 23. Qa4 Rfd8 24. Qxa7 Nxb2 25. h3 Nc4 26. g4 Qe4 27. Rb3 Qxf4 28. Rb8 h5 29. Rxd8+ Rxd8 30. gxh5 Qg5+ 31. Kf1 Nd2+ 32. Ke2 Qe5+ 33. Be3 Re8 34. Qa3 Nc4 0-1

[Event "13. Festival Ciudad de Lorca 2024 - A"]
[White "Pogorelov, Ruslan"]
[Black "Bryant, Harry"]
[Site "Lorca ESP"]
[Round "9.16"]
[Result "1-0"]
[Date "2024.12.30"]
[WhiteElo "2282"]
[BlackElo "1971"]
[PlyCount "143"]
[GameId "2132923681624988"]
[EventDate "2024.12.26"]
[EventCountry "ESP"]
[SourceTitle "Ajedrez en Madrid"]
[Source "lmi"]
[SourceDate "2024.12.26"]
[SourceVersion "1"]
[SourceVersionDate "2025.01.11"]
[SourceQuality "1"]

1. Nf3 Nf6 2. c4 g6 3. Nc3 Bg7 4. d4 O-O 5. e4 d6 6. Be2 Na6 7. O-O e5 8. Be3 Qe7 9. d5 Ng4 10. Bg5 f6 11. Bh4 Nh6 12. Ne1 g5 13. Bg3 f5 14. exf5 Nxf5 15. Ne4 b6 16. Bf3 Nc5 17. Nxc5 bxc5 18. Be4 Qf7 19. Qd3 h5 20. f3 Rb8 21. Rb1 Nxg3 22. hxg3 h4 23. g4 Qf4 24. Qe2 Kf7 25. Nd3 Qg3 26. Nf2 Qf4 27. Nh3 Qf6 28. Qd2 Bh6 29. Qa5 Rb7 30. b4 cxb4 31. Rxb4 Rb6 32. c5 dxc5 33. Qxc5 Bd7 34. Rc1 Rc8 35. a3 Bf8 36. Qe3 Bxb4 37. Nxg5+ Kg7 38. axb4 Rxb4 39. Ne6+ Bxe6 40. dxe6 Rb6 41. Bf5 c5 42. Rxc5 Rxc5 43. Qxc5 Rb7 44. Qd5 Rc7 45. Kh2 Re7 46. Qe4 a5 47. Qa8 Qh6 48. Qxa5 Qf4+ 49. Kg1 h3 50. Qc5 Kf8 51. gxh3 Qg3+ 52. Kf1 Qxf3+ 53. Ke1 Qg3+ 54. Ke2 Qh2+ 55. Kd3 Qg3+ 56. Ke4 Qe1+ 57. Qe3 Qxe3+ 58. Kxe3 Ra7 59. Ke4 Ra5 60. g5 Ke7 61. Bg4 Kd6 62. Kf5 e4+ 63. Kf6 Re5 64. g6 e3 65. g7 e2 66. g8=Q e1=Q 67. Qb8+ Kd5 68. Bf3+ Kd4 69. Qb2+ Kc4 70. Qxe5 Qh4+ 71. Kg6 Qxh3 72. Qe4+ 1-0

[Event "13. Festival Ciudad de Lorca 2024 - A"]
[White "Cano Mateos, Pablo"]
[Black "Pastor Villalba, Arturo"]
[Site "Lorca ESP"]
[Round "9.17"]
[Result "1-0"]
[Date "2024.12.30"]
[WhiteElo "2067"]
[BlackElo "1891"]
[PlyCount "95"]
[GameId "2132923681624989"]
[EventDate "2024.12.26"]
[EventCountry "ESP"]
[SourceTitle "Ajedrez en Madrid"]
[Source "lmi"]
[SourceDate "2024.12.26"]
[SourceVersion "1"]
[SourceVersionDate "2025.01.11"]
[SourceQuality "1"]

1. e4 d6 2. d4 Nf6 3. Nc3 e5 4. Nge2 Be7 5. Ng3 O-O 6. Be2 exd4 7. Qxd4 Nc6 8. Qd1 Be6 9. f4 Re8 10. O-O Bf8 11. b3 Nb4 12. a3 Nc6 13. Bb2 a5 14. Nb5 Bd7 15. Bf3 Na7 16. Nxa7 Kh8 17. e5 Ng8 18. exd6 Rxa7 19. Qd4 b6 20. Ne4 c5 21. Qd2 Bc6 22. Nf6 Re6 23. Nxg8 Rxd6 24. Qc3 Kxg8 25. Bxc6 Rxc6 26. f5 f6 27. Qc4+ Kh8 28. Rae1 Re7 29. Re6 Rexe6 30. fxe6 Be7 31. Bc3 Rd6 32. b4 axb4 33. axb4 Rd1 34. b5 Rxf1+ 35. Kxf1 Qd1+ 36. Be1 h6 37. Qe4 Qd6 38. g3 Kg8 39. Ke2 Qd8 40. Bd2 Qe8 41. Qc6 Qh5+ 42. Kd3 Qe5 43. Qe4 Qd6+ 44. Ke2 Kf8 45. Bf4 Qd8 46. Qh7 Ke8 47. Qg8+ Bf8 48. Qf7# 1-0

[Event "13. Festival Ciudad de Lorca 2024 - A"]
[White "Troidl, Thomas"]
[Black "Alvarez Morales, Miguel"]
[Site "Lorca ESP"]
[Round "9.18"]
[Result "0-1"]
[Date "2024.12.30"]
[WhiteElo "1945"]
[BlackElo "2065"]
[PlyCount "84"]
[GameId "2132923681624990"]
[EventDate "2024.12.26"]
[EventCountry "ESP"]
[SourceTitle "Ajedrez en Madrid"]
[Source "lmi"]
[SourceDate "2024.12.26"]
[SourceVersion "1"]
[SourceVersionDate "2025.01.11"]
[SourceQuality "1"]

1. e4 g6 2. d4 Bg7 3. f4 c6 4. Nf3 d5 5. e5 Nh6 6. Bd3 Bg4 7. Nbd2 Qb6 8. c3 Nd7 9. h3 Bxf3 10. Nxf3 e6 11. g4 c5 12. Qe2 cxd4 13. cxd4 Bf8 14. O-O Ng8 15. Be3 h5 16. Rac1 Ne7 17. Rc3 Nc6 18. Rb3 Qc7 19. Rc1 hxg4 20. hxg4 Be7 21. Qc2 Rc8 22. Bxg6 fxg6 23. Qxg6+ Kd8 24. Qxe6 Rh3 25. Kg2 Rxf3 26. Kxf3 Nxd4+ 27. Bxd4 Qxc1 28. Qg8+ Bf8 29. Qg5+ Be7 30. Qg8+ Kc7 31. Qxc8+ Kxc8 32. Rc3+ Qxc3+ 33. bxc3 b6 34. g5 Kd8 35. g6 Ke8 36. f5 Kf8 37. f6 Bc5 38. g7+ Kg8 39. f7+ Kxg7 40. e6+ Bxd4 41. exd7 Bf6 42. Ke3 Kxf7 0-1